All Runescape Skills, 2025 - Statistics

General Stats
  • This quiz has been taken 30 times
  • The average score is 21 of 29
Answer Stats
Answer % Correct
Mining
96%
Woodcutting
92%
Agility
88%
Attack
88%
Smithing
84%
Hunter
80%
Magic
80%
Strength
80%
Constitution
76%
Crafting
76%
Firemaking
76%
Fishing
76%
Prayer
76%
Construction
72%
Defense
72%
Fletching
72%
Farming
68%
Slayer
68%
Cooking
64%
Herblore
64%
Ranged
64%
Summoning
64%
Necromancy
60%
Runecrafting
60%
Thieving
60%
Invention
56%
Divination
52%
Dungeoneering
52%
Archaeology
40%
No matching quizzes found
Score Distribution
Percent of People with Each Score
Percentile by Number Answered
Your Score History
You have not taken this quiz